000 00393nam a2200145Ia 4500
008 210210b1998 xxu||||| |||| 00| 0 eng d
082 _a820.12 VARN
100 _aVARSHNEY (R L).
245 _aSarojini Naidu selected poems.
260 _aAgra
_bLakshimi Narain Agarwal
_c1998
300 _aiv,248
650 _aSarojini Naidu Criticism
690 _aIndian English Poetry
906 _a053447
999 _c101825
_d101825